书目信息 |
| 题名: |
语言学年鉴
|
|
| 作者: | 林连通 顾士熙 | |
| 分册: | 上 | |
| 出版信息: | 北京 语文出版社 2002 |
|
| 页数: | 808页 | |
| 开本: | 20cm | |
| 丛书名: | ||
| 单 册: | ||
| 中图分类: | H004.2 | |
| 科图分类: | ||
| 主题词: | 语言学 | |
| 电子资源: | ||
| ISBN: | 7-80126-670-6 | |
| 000 | 00534nam0 2200181 450 | |
| 001 | 0728815141 | |
| 005 | 20070819080015.14 | |
| 010 | @a7-80126-670-6@d¥75.00 | |
| 100 | @a20070819d km y0chiy0120 ea | |
| 101 | 0 | @achi |
| 200 | 1 | @a语言学年鉴@Ayu yan xue nian jian@h上@f林连通 顾士熙@Flin lian tong gu shi xi |
| 210 | @a北京@c语文出版社@d2002 | |
| 215 | @a808页@d20cm | |
| 606 | 0 | @a语言学 |
| 690 | @aH004.2@v3 | |
| 701 | 0 | @a林连通 顾士熙@Alin lian tong gu shi xi |
| 801 | 0 | @aCN@bPFT@c20070819 |
| 905 | @a213230@dH004.2@eZW120:1@f1 | |
| 语言学年鉴.上/林连通 顾士熙.-北京:语文出版社,2002 |
| 808页;20cm |
| ISBN 7-80126-670-6:¥75.00 |
| ● |
| 相关链接 |
|
|
|
|
正题名:语言学年鉴
索取号:H004.2/ZW120:1
 
预约/预借
| 序号 | 登录号 | 条形码 | 馆藏地/架位号 | 状态 | 备注 |
| 1 | 7615108 | 276151085 | 密集书库-文学院/ [索取号:H004.2/ZW120:1] | 在馆 |